Práce podle Ypsilon...

Mileniáli - mladí ľudia medzi 21 a 35 rokov sa k práci v mnohých ohľadoch stavajú ako staršia generácia, avšak sú ambicióznejší, majú menší strach z nezamestnanosti a voľný čas je pre nich dôležitý. Aká je vlastne generácia Y.

Na minha lista:
Detalhes bibliográficos
Autor principal: Dlasková, Kristýna
Outros Autores: Kramer, Jaroslav
Formato: Capítulo de Livro
Idioma:tcheco
Assuntos:
Tags: Adicionar Tag
Sem tags, seja o primeiro a adicionar uma tag!

MARC

LEADER 00000naa a2200000 4500
001 0237838
005 20171204090446.0
041 0 |a cze 
044 |a CZ 
245 1 0 |a Práce podle Ypsilon...  |c Kristýna Dlasková, Jaroslav Kramer 
520 |a Mileniáli - mladí ľudia medzi 21 a 35 rokov sa k práci v mnohých ohľadoch stavajú ako staršia generácia, avšak sú ambicióznejší, majú menší strach z nezamestnanosti a voľný čas je pre nich dôležitý. Aká je vlastne generácia Y. 
610 2 0 |a generácie 
610 2 0 |a mládež 
610 2 0 |a práca 
610 2 0 |a kariéra 
610 2 0 |a čas voľný 
610 2 0 |a prostredie pracovné 
100 1 |a Dlasková, Kristýna 
700 1 |a Kramer, Jaroslav